000 00483nam a2200193 a 4500
001 1756186512123
003 YourLibrary
005 20250826120640.0
008 250826s1998##################000#0#eng##
020 _a9788125010357
082 0 4 _a070
_bNAR
100 1 _aRao, P. V. L. Narasimha,
_eauthor.
245 1 0 _aStyle in Journalism :
260 _bUN,
_c1998.
300 _a178 pages
650 0 _aJournalism.
942 _cENGLISH
040 _aYourLibrary
_beng
_cYourLibrary
999 _c584057
_d584057